[Event "Kemer Turkey Cup"]
[Site "Kemer"]
[Date "2014.02.02"]
[Round "3"]
[White "Evin, Abdulkerim"]
[Black "Demirag, Gokhan"]
[Result "0-1"]
[WhiteElo "1499"]
[BlackElo "1784"]
[PlyCount "87"]
[EventDate "2014.02.01"]
[EventType "swiss"]
[EventRounds "9"]
[EventCountry "TUR"]
[SourceTitle "CBM 158 Extra"]
[Source "ChessBase"]
[SourceDate "2014.02.28"]
[SourceVersion "1"]
[SourceVersionDate "2014.02.28"]
[SourceQuality "1"]

1. e4 c5 2. Nf3 d6 3. c3 Nf6 4. d3 Nc6 5. Bg5 e6 6. Nbd2 Be7 7. Be2 0-0 8. Qc2 h6 9. Bh4 Bd7 10. 0-0 Rc8 11. a4 a6 12. h3 Nh5 13. Bxe7 Qxe7 14. Ne5 Nf4 15. Nxd7 Nxe2+ 16. Kh1 Qxd7 17. Nc4 Nf4 18. Nb6 Qe7 19. Nxc8 Rxc8 20. Qd1 Rd8 21. d4 c4 22. Qf3 e5 23. d5 Na5 24. Kh2 Qd7 25. Qg4 Qe8 26. g3 Nd3 27. Ra2 b6 28. Qf3 Nc5 29. Qe3 Rb8 30. Re1 Nxa4 31. f4 Nc5 32. fxe5 Qxe5 33. Qd4 Qg5 34. e5 Nd3 35. Re2 Nxe5 36. Qf4 Qe7 37. Kg2 Re8 38. Re4 Qb7 39. Qd2 Nb3 40. Qd1 Nc5 41. Rd4 Ned3 42. g4 Nb3 43. Rxd3 cxd3 44. Qxd3 0-1

[Event "Kemer Turkey Cup"]
[Site "Kemer"]
[Date "2014.02.01"]
[Round "1"]
[White "Bozbey, Ali"]
[Black "Demirag, Gokhan"]
[Result "1-0"]
[WhiteElo "1649"]
[BlackElo "1784"]
[PlyCount "50"]
[EventDate "2014.02.01"]
[EventType "swiss"]
[EventRounds "9"]
[EventCountry "TUR"]
[SourceTitle "CBM 158 Extra"]
[Source "ChessBase"]
[SourceDate "2014.02.28"]
[SourceVersion "1"]
[SourceVersionDate "2014.02.28"]
[SourceQuality "1"]

1. e4 c5 2. Nf3 d6 3. d4 cxd4 4. Nxd4 Nf6 5. Nc3 a6 6. Bg5 e6 7. f4 Qc7 8. Qf3 b5 9. 0-0-0 b4 10. Na4 Bb7 11. Bxf6 gxf6 12. Qe3 h5 13. g3 Nd7 14. Bg2 Rc8 15. Qb3 Nc5 16. Nxc5 Qxc5 17. Qa4+ Ke7 18. Rhe1 Rg8 19. Bf3 Kd8 20. e5 Bxf3 21. Nxf3 Qc6 22. Qa5+ Qc7 23. Qxc7+ Rxc7 24. exd6 Rd7 25. Rd4 Bxd6 1-0